Fourier Series and Integral Transforms. (Record no. 348555)
[ view plain ]
| 000 -LEADER | |
|---|---|
| fixed length control field | 00407 a2200145 4500 |
| 020 ## - INTERNATIONAL STANDARD BOOK NUMBER | |
| International Standard Book Number | 9789694171128 |
| 082 ## - DEWEY DECIMAL CLASSIFICATION NUMBER | |
| Classification number | 515.723 |
| 090 ## - LOCALLY ASSIGNED LC-TYPE CALL NUMBER (OCLC); LOCAL CALL NUMBER (RLIN) | |
| -- | 6180 |
| -- | 6180 |
| 100 ## - MAIN ENTRY--PERSONAL NAME | |
| Personal name | Khattak,Mohammad Ali. |
| 245 ## - TITLE STATEMENT | |
| Title | Fourier Series and Integral Transforms. |
| Statement of responsibility, etc. | Mohammad Ali Khattak. |
| 260 ## - PUBLICATION, DISTRIBUTION, ETC. | |
| Place of publication, distribution, etc. | Islamabad. |
| Name of publisher, distributor, etc. | Higher Education Commission. |
| Date of publication, distribution, etc. | 2009. |
| 300 ## - PHYSICAL DESCRIPTION | |
| Extent | 196p. |
| 500 ## - GENERAL NOTE | |
| General note | Paper cover. |
| 942 ## - ADDED ENTRY ELEMENTS (KOHA) | |
| Institution code [OBSOLETE] | NBS |
| Koha item type | Book |
| Call number prefix | 515.723 KHA |
| Withdrawn status | Lost status | Damaged status | Not for loan | Permanent Location | Current Location | Date acquired | Total Checkouts | Full call number | Barcode | Checked out | Date last seen | Date last checked out | Price effective from | Koha item type | Total Renewals |
|---|---|---|---|---|---|---|---|---|---|---|---|---|---|---|---|
| Central Library (CL) | Central Library (CL) | 08/28/2013 | 2 | 515.723 KHA | NBSD-1765 | 04/12/2020 | 03/13/2020 | 03/13/2020 | 08/28/2013 | Book | |||||
| Central Library (CL) | Central Library (CL) | 08/28/2013 | 2 | 515.723 KHA | NBSD-1766 | 03/04/2023 | 11/29/2022 | 08/28/2013 | Book | 3 | |||||
| Central Library (CL) | Central Library (CL) | 08/28/2013 | 3 | 515.723 KHA | NBSD-1764 | 04/25/2022 | 08/23/2021 | 08/28/2013 | Book | 1 |
